00791 2200277 4500001002100000005001700021008004100038020002200079035002400101040001200125041000800137082001700145084001700162090002100179100002500200245009300225250001100318260003500329300003400364500001100398504002800409650002100437700002100458850001200479990002200491INLIS00000000003320520180130090204.0  a978-602-9276-93-0 0010-011800000000350 aYOPDYOG0 aind042[23]a297.77 a297.77 Eva P aDEP 297.77 Eva P0 aEVA ROHILAHd, 1979-1 aPemikiran Fazlur Rahman tentang pendidikan Islamc/ Eva Rohilah, editor, M. Iqbal Dawami aCet. 1 aYogyakartabSamudra Biruc2016 ax, 84 hlm.b: ilus.c; 21 cm. aIndeks aBibliografi: hlm. 73-76 4aPendidikan Islam1 aIqbal Dawami, M. aYOPDYOG aCB-D.11/2016-2595